Представление документа в формате MARC21

Поле Инд. ПП Название Значение
Тип записи a
Библиографический уровень b
001 Контрольный номер RU/IS/BASE/231870405
005 Дата корректировки 20220715140341.8
008 Кодируемые данные 20070507
040 b Код языка каталог. rus
e Правила каталог. PSBO
041 0_ a Код языка текста rus
084 a Индекс другой классификации/Индекс ББК 60.033.15; 60.032.3
100 1_ a Автор Киселев Г. С.
245 10 a Заглавие Мир человека: тупиковая ветвь эволюции?
504 a Библиография Библиогр. ссылки. - Примеч.
650 a Основная рубрика социальная философия
a Основная рубрика философия
a Основная рубрика философия истории
653 a Ключевые слова Восток
a Ключевые слова восточная цивилизация
a Ключевые слова глобализация
a Ключевые слова духовные ценности
a Ключевые слова духовный кризис
a Ключевые слова Запад
a Ключевые слова западная цивилизация
a Ключевые слова историческое развитие
a Ключевые слова общечеловеческие ценности
a Ключевые слова окружающая среда
a Ключевые слова свобода
a Ключевые слова угрозы человечеству
a Ключевые слова цивилизационное взаимодействие
a Ключевые слова цивилизация
a Ключевые слова человеческая цивилизация
a Ключевые слова человечество
773 0_ t Заглавие источника Вопросы философии
d Дата издания источника 2007
g Прочая информация № 4. - С. 9 - 23
w Контрольный № источника RU/IS/BASE/230823453
901 t Тип документа b